Study of the influence of feedstock of the processed raw materials atnaphtha catalytic reforming and isomerization; Journal of Economics and Social Sciences; № 14

Dettagli Bibliografici
Parent link:Journal of Economics and Social Sciences: electronic scientific journal.— , 2012-.— 2312-2978
№ 14.— 2019.— [4 p.]
Autore principale: Chabanenkov V. Vladimir
Ente Autore: Engineering school of natural resources, Tomsk Polytechnic University
Riassunto:Title screen
A mathematical method of optimization of naphtha catalytic reforming and isomerization of industrial unit A100 ofPavlodar oil refinery combined with separation unit B300S was proposed. In order to achieve the required quality of theproducts of the splitter column for the C6 hydrocarbon content in the heavy gasoline fraction and the C7+ hydrocarboncontent in the light gasoline fraction, the research was carried out to optimize the process parameters. The obtained datawere checked for adequacy and confirmed by the simulation results presented for different modes of operation ofisomerization reactors and columns. The data can be used to solve real technological problems arising in production.
Lingua:inglese
Pubblicazione: 2019
Serie:Социологические науки
Soggetti:
Accesso online:http://earchive.tpu.ru/handle/11683/55736
Natura: MixedMaterials Elettronico Capitolo di libro
KOHA link:https://koha.lib.tpu.ru/cgi-bin/koha/opac-detail.pl?biblionumber=584046

MARC

LEADER 00000naa2a2200000 4500
001 584046
005 20231205120056.0
035 |a (RuTPU)RU\TPU\prd\285297 
035 |a RU\TPU\prd\285296 
090 |a 584046 
100 |a 20190821a2019 k y0engy50 ba 
101 0 |a eng 
102 |a RU 
135 |a drcn ---uucaa 
181 0 |a i  
182 0 |a b 
200 1 |a Study of the influence of feedstock of the processed raw materials atnaphtha catalytic reforming and isomerization  |f V. Chabanenkov 
203 |a Text  |c electronic 
215 |a 1 файл (287 Кб) 
225 1 |a Социологические науки 
300 |a Title screen 
320 |a [References: 2 tit.] 
330 |a A mathematical method of optimization of naphtha catalytic reforming and isomerization of industrial unit A100 ofPavlodar oil refinery combined with separation unit B300S was proposed. In order to achieve the required quality of theproducts of the splitter column for the C6 hydrocarbon content in the heavy gasoline fraction and the C7+ hydrocarboncontent in the light gasoline fraction, the research was carried out to optimize the process parameters. The obtained datawere checked for adequacy and confirmed by the simulation results presented for different modes of operation ofisomerization reactors and columns. The data can be used to solve real technological problems arising in production. 
461 1 |0 (RuTPU)RU\TPU\prd\225573  |x 2312-2978  |t Journal of Economics and Social Sciences  |o electronic scientific journal  |d 2012- 
463 1 |0 (RuTPU)RU\TPU\prd\285293  |t № 14  |v [4 p.]  |d 2019 
610 1 |a электронный ресурс 
610 1 |a труды учёных ТПУ 
610 1 |a separation of raw materials 
610 1 |a mathematical simulation 
610 1 |a isomerization 
610 1 |a reforming 
610 1 |a splitter 
700 1 |a Chabanenkov  |b V.  |g Vladimir 
712 0 2 |a Engineering school of natural resources, Tomsk Polytechnic University 
801 1 |a RU  |b 63413507  |c 20090623  |g PSBO 
801 2 |a RU  |b 63413507  |c 20190903  |g PSBO 
856 4 0 |u http://earchive.tpu.ru/handle/11683/55736 
942 |c BK